000 00412nam a2200145Ia 4500
008 230917s9999||||xx |||||||||||||| ||und||
040 _e54842
_aMAIN
041 _aEnglish
082 _a954.5 F586F
100 _aBanga, Indu, ed.
245 0 _aFive Punjab centuries: Policy, economy society and culture, i e 1500-1900:Essays for J S Grewal
260 _aDelhi
_bManohar
_c2000
300 _a623 p.
942 _cBK
999 _c92953
_d92953